2025 NASCAR Races - Statistics

General Stats
  • This quiz has been taken 21 times
    8 since last reset
  • The average score is 7 of 36
Answer Stats
Hint Answer % Correct
Race 1 Daytona 500
100%
Race 13 Coca-Cola 600
67%
Race 8 Goodyear 400
50%
Race 2 Ambetter Health 400
33%
Race 22 Brickyard 400
33%
Race 26 Coke Zero Sugar 400
33%
Race 27 Cook Out Southern 500
33%
Race 24 Go Bowling at the Glen
33%
Race 19 Grant Park 165
33%
Race 5 Pennzoil 400
33%
Race 20 Toyota/Save Mart 350
33%
Race 29 Bass Pro Shops Night Race
17%
Race 15 FireKeepers Casino 400
17%
Race 9 Food City 500
17%
Race 31 Hollywood Casino 400
17%
Race 23 Iowa Corn 350
17%
Race 36 NASCAR Cup Series Championship
17%
Race 18 Quaker State 400
17%
Race 4 Shriners Children’s 500
17%
Race 33 South Point 400
17%
Race 35 Xfinity 500
17%
Race 12 AdventHealth 400
0%
Race 21 Autotrader EchoPark Automotive 400
0%
Race 32 Bank of America ROVAL 400
0%
Race 7 Cook Out 400 (Martinsville)
0%
Race 25 Cook Out 400 (Richmond)
0%
Race 14 Cracker Barrel 400
0%
Race 3 EchoPark Automotive Grand Prix
0%
Race 28 Enjoy Illinois 300
0%
Race 10 Jack Link’s 500
0%
Race 30 NASCAR Cup Series Playoff Race at New Hampshire
0%
Race 6 Straight Talk Wireless 400
0%
Race 17 The Great American Getaway 400
0%
Race 16 Viva Mexico 250
0%
Race 11 Würth 400
0%
Race 34 YellaWood 500
0%
No matching quizzes found
Score Distribution
Percent of People with Each Score
Percentile by Number Answered
Your Score History
You have not taken this quiz since the last reset